<?xml version="1.0" encoding="UTF-8"?>
<record
    xmlns:xsi="http://www.w3.org/2001/XMLSchema-instance"
    xsi:schemaLocation="http://www.loc.gov/MARC21/slim http://www.loc.gov/standards/marcxml/schema/MARC21slim.xsd"
    xmlns="http://www.loc.gov/MARC21/slim">

  <leader>00959cam a22002171  4500</leader>
  <controlfield tag="001">ca 11002945 </controlfield>
  <controlfield tag="003">DLC</controlfield>
  <controlfield tag="005">20260227111057.0</controlfield>
  <controlfield tag="008">820211s1902    hu c          000 0 hun  </controlfield>
  <datafield tag="010" ind1=" " ind2=" ">
    <subfield code="a">ca 11002945 </subfield>
  </datafield>
  <datafield tag="035" ind1=" " ind2=" ">
    <subfield code="a">(OCoLC)8149664</subfield>
  </datafield>
  <datafield tag="040" ind1=" " ind2=" ">
    <subfield code="a">DLC</subfield>
    <subfield code="c">CU-S</subfield>
    <subfield code="d">DLC</subfield>
  </datafield>
  <datafield tag="042" ind1=" " ind2=" ">
    <subfield code="a">premarc</subfield>
  </datafield>
  <datafield tag="050" ind1="0" ind2="0">
    <subfield code="a">PR2795.H8</subfield>
    <subfield code="b">V6</subfield>
  </datafield>
  <datafield tag="100" ind1="1" ind2=" ">
    <subfield code="a">Shakespeare, William,</subfield>
    <subfield code="d">1564-1616.</subfield>
  </datafield>
  <datafield tag="240" ind1="1" ind2="0">
    <subfield code="a">Works.</subfield>
    <subfield code="l">Hungarian.</subfield>
  </datafield>
  <datafield tag="245" ind1="0" ind2="0">
    <subfield code="a">&#xD6;sszes szinm&#x171;vei; el&#x151;sz&#xF6;r kiadta a Kisfaludy-t&#xE1;rsas&#xE1;g.</subfield>
    <subfield code="c">Forditott&#xE1;k Arany  J&#xE1;nos, Arany L&#xE1;szl&#xF3;, &#xC1;cs Zsigmond. Fejes Istv&#xE1;n, Greguss &#xC1;g&#x300;ost, Gy&#x151;ry Vilmos, L&#xE9;vay J&#xF3;zsef, L&#x151;rinczi Lehr Zsigmond, Pet&#x151;fi S&#xE1;ndor, R&#xE1;kosi Jen&#x151;, Sz&#xE1;sz K&#xE1;roly, Szigligeti Ede, V&#xF6;r&#xF6;smarty Mih&#xE1;ly.  Javitott kiad&#xE1;s, sajt&#xF3; al&#xE1; rendezte, az &#xE9;letrajzot &#xE9;s tanulm&#xE1;nyokat irta dr. Voinovich G&#xE9;za.</subfield>
  </datafield>
  <datafield tag="260" ind1=" " ind2=" ">
    <subfield code="a">Budapest,</subfield>
    <subfield code="b">Franklin-T&#xE1;rsulat,</subfield>
    <subfield code="c">1902.</subfield>
  </datafield>
  <datafield tag="300" ind1=" " ind2=" ">
    <subfield code="a">6 v.</subfield>
    <subfield code="b">front. (port.)</subfield>
    <subfield code="c">20 cm.</subfield>
  </datafield>
  <datafield tag="700" ind1="1" ind2=" ">
    <subfield code="a">Voinovich, G&#xE9;za,</subfield>
    <subfield code="e">ed.</subfield>
  </datafield>
  <datafield tag="999" ind1=" " ind2=" ">
    <subfield code="c">14585</subfield>
    <subfield code="d">14585</subfield>
  </datafield>
</record>
